Countries who voted for blocking the UN Resolutions on Crimea, North Korea, Syria, and Iran from happening - Statistics

General Stats
  • This quiz has been taken 224 times
  • The average score is 17 of 32
Answer Stats
Hint Answer % Correct
24 Russia
97%
8 China
88%
23 North Korea
84%
16 Iran
83%
27 Syria
81%
17 Iraq
73%
4 Belarus
71%
10 Cuba
65%
14 India
61%
30 Venezuela
60%
31 Vietnam
57%
11 Egypt
55%
20 Laos
55%
1 Algeria
54%
26 Sudan
53%
15 Indonesia
52%
29 Uzbekistan
48%
21 Myanmar
46%
2 Angola
45%
32 Zimbabwe
45%
28 Tajikistan
44%
3 Bangladesh
41%
12 Eritrea
41%
19 Kyrgyzstan
40%
22 Nicaragua
37%
5 Bolivia
36%
6 Brunei
30%
25 Singapore
29%
7 Burundi
27%
18 Kenya
25%
9 Comoros
20%
13 Gambia
19%
No matching quizzes found
Score Distribution
Percent of People with Each Score
Percentile by Number Answered
Your Score History
You have not taken this quiz